000 00808nam a22002297a 4500
003 LK-CoDNM
005 20241022114806.0
008 241015b |||||||| |||| 00| 0 eng d
040 _aLK-CoDNM
_dLK-CoDNM
_eLK-CoDNM
041 _asin
080 _aප්‍ර.බ
_b28.8
100 _aකේ. ඩී. සුමනසේකර මහතා
245 _aබෞද්ධ බලය-1928
_b1 කාණ්ඩය 8 කලාපය
260 _aමහනුවර-කොළඹ
_bයූනියන් යන්ත්‍රාලය
_c1928
300 _b10p. ; 24 cm
650 _aබෞද්ධ බලය-1928
650 _a1 කාණ්ඩය 8 කලාපය
650 _aකේ. ඩී. සුමනසේකර මහතා
650 _aප්‍ර.බ 28.8
650 _a1928
942 _cBK
999 _c220890
_d220890